Statystyki dla Stacje i przystanki SKM S2

Kliknij tutaj aby rozwiązać quiz!

Ogólne statystyki

  • Ten quiz został rozwiązany 45 razy
  • Średni wynik to 13 z 16

Statystyki odpowiedzi

Liczba peronówGmina/dzielnicaStacja/przystanek% Poprawnych
3ŚródmieścieŚródmieście
95%
2SulejówekSulejówek
95%
2ŚródmieściePowiśle
92%
2WesołaWesoła
92%
1RembertówRembertów
89%
7Praga Płn.Wschodnia
89%
8WolaZachodnia
89%
2Praga Płn.Stadion
87%
2OchotaOchota
84%
2SulejówekSulejówek Miłosna
84%
1WłochyLotnisko Chopina
82%
2OchotaAleje Jerozolimskie
71%
1WłochySłużewiec
68%
2OchotaŻwirki i Wigury
63%
1WesołaWola Grzybowska
58%
2OchotaRakowiec
55%

Rozkład punktacji

Percentyl według liczby udzielonych odpowiedzi

Procent ludzi z każdym wynikiem

Twoja historia wyników

Nie rozwiązałeś tego quizu